[Event "SVK-chT4 A21 1819"]
[Site "Slovakia"]
[Date "2019.03.03"]
[Round "10.3"]
[White "Holiencin, Filip"]
[Black "Miciak, Emanuel"]
[Result "0-1"]
[WhiteElo "1717"]
[BlackElo "1877"]
[PlyCount "64"]
[EventDate "2018.10.14"]
[EventType "team-tourn"]
[EventRounds "11"]
[EventCountry "SVK"]
[SourceTitle "CBM 189 Extra"]
[Source "ChessBase"]
[SourceDate "2019.06.03"]
[SourceVersion "1"]
[SourceVersionDate "2019.06.03"]
[SourceQuality "1"]
[WhiteTeam "Holic II"]
[BlackTeam "Vrbove"]
[WhiteTeamCountry "SVK"]
[BlackTeamCountry "SVK"]

1. Nf3 Nf6 2. d4 d5 3. Bf4 Bf5 4. e3 e6 5. Bd3 Bxd3 6. Qxd3 Bd6 7. Bg3 0-0 8. Nbd2 Nc6 9. c3 Ne7 10. Ne5 c5 11. 0-0 Nf5 12. dxc5 Nxg3 13. cxd6 Nxf1 14. Rxf1 Qxd6 15. f4 Rac8 16. g4 Qc7 17. Rf3 g6 18. Rh3 Nd7 19. Nef3 Qb6 20. Ng5 Nf6 21. f5 exf5 22. gxf5 Rfe8 23. fxg6 hxg6 24. Nxf7 Kxf7 25. Rg3 Nh5 26. Qxd5+ Qe6 27. Qxb7+ Re7 28. Qf3+ Ke8 29. Rh3 Rf7 30. Qd1 Qxh3 31. Qa4+ Kf8 32. Qd4 Kg8 0-1

[Event "SVK-chT5 SE-SI 1415"]
[Site "Slovakia"]
[Date "2014.11.15"]
[Round "3.1"]
[White "Holiencin, Filip"]
[Black "Harasta, Marian"]
[Result "1-0"]
[WhiteElo "1845"]
[BlackElo "1600"]
[PlyCount "63"]
[EventDate "2014.10.18"]
[EventType "team-tourn"]
[EventRounds "11"]
[EventCountry "SVK"]
[SourceTitle "EXT 2022"]
[Source "ChessBase"]
[SourceDate "2021.10.06"]
[SourceVersion "1"]
[SourceVersionDate "2021.10.06"]
[SourceQuality "1"]
[WhiteTeam "Holic II"]
[BlackTeam "Skalica IV"]
[WhiteTeamCountry "SVK"]
[BlackTeamCountry "SVK"]

1. d4 d5 2. c4 c6 3. Nc3 e6 4. Nf3 Nf6 5. e3 h6 6. a3 Be7 7. Bd3 Nbd7 8. c5 b6 9. b4 a5 10. Bd2 0-0 11. 0-0 Nh7 12. Qc2 Ng5 13. Nxg5 Bxg5 14. f4 Be7 15. Ne2 Ba6 16. Kh1 Nf6 17. Ng3 Ng4 18. Bxa6 Rxa6 19. Qd3 Qa8 20. h3 Bh4 21. hxg4 Bxg3 22. Rf3 Bh4 23. Rh3 g5 24. g3 axb4 25. Bxb4 bxc5 26. Bxc5 Rb8 27. gxh4 gxf4 28. g5 hxg5 29. hxg5 f5 30. gxf6 Kf7 31. Rh7+ Kxf6 32. Be7# 1-0

[Event "SVK-chT5 SE-SI 1415"]
[Site "Slovakia"]
[Date "2014.10.25"]
[Round "2.1"]
[White "Zlamal, Marek"]
[Black "Holiencin, Filip"]
[Result "0-1"]
[WhiteElo "1671"]
[BlackElo "1845"]
[PlyCount "64"]
[EventDate "2014.10.18"]
[EventType "team-tourn"]
[EventRounds "11"]
[EventCountry "SVK"]
[SourceTitle "EXT 2022"]
[Source "ChessBase"]
[SourceDate "2021.10.06"]
[SourceVersion "1"]
[SourceVersionDate "2021.10.06"]
[SourceQuality "1"]
[WhiteTeam "Holic III"]
[BlackTeam "Holic II"]
[WhiteTeamCountry "SVK"]
[BlackTeamCountry "SVK"]

1. c4 e5 2. Nc3 Nf6 3. e3 Bb4 4. a3 Bxc3 5. bxc3 d5 6. d4 Nc6 7. Qc2 e4 8. a4 0-0 9. cxd5 Qxd5 10. Ne2 Ne7 11. Nf4 Qf5 12. Ba3 Re8 13. Bc4 Ng6 14. Qb3 Ng4 15. h3 Nxf4 16. exf4 Nh6 17. g4 Qxf4 18. Bc1 Qf3 19. Rg1 e3 20. fxe3 Rxe3+ 21. Bxe3 Qxe3+ 22. Kf1 Qxh3+ 23. Rg2 Bxg4 24. Qxb7 Re8 25. Qxc7 Qh1+ 26. Kf2 Qxa1 27. Bxf7+ Nxf7 28. Rxg4 Qe1+ 29. Kf3 Re3+ 30. Kg2 Qd2+ 31. Kh1 Qd1+ 32. Rg1 Rh3+ 0-1

[Event "SVK-chT3A2 1314"]
[Site "Slovakia"]
[Date "2014.03.23"]
[Round "11.1"]
[White "Vagovic, Milan"]
[Black "Holiencin, Filip"]
[Result "0-1"]
[WhiteElo "1702"]
[BlackElo "1828"]
[PlyCount "78"]
[EventDate "2013.10.13"]
[EventType "team-tourn"]
[EventRounds "11"]
[EventCountry "SVK"]
[SourceTitle "EXT 2015"]
[Source "ChessBase"]
[SourceDate "2014.11.20"]
[SourceVersion "1"]
[SourceVersionDate "2014.11.20"]
[SourceQuality "1"]
[WhiteTeam "Trnava Modranka Jun"]
[BlackTeam "Holic"]
[WhiteTeamCountry "SVK"]
[BlackTeamCountry "SVK"]

1. d4 Nf6 2. Bg5 d5 3. Nf3 Nbd7 4. Nbd2 e6 5. e3 Be7 6. Be2 0-0 7. 0-0 b6 8. c3 Bb7 9. h3 h6 10. Bh4 Nh7 11. Bg3 c5 12. Bb5 Nhf6 13. Re1 a6 14. Ba4 b5 15. Bc2 c4 16. a3 a5 17. Nh2 Ne4 18. Nxe4 dxe4 19. f3 Bh4 20. Bxh4 Qxh4 21. Rf1 f5 22. f4 Nf6 23. Qe1 Qh5 24. Bd1 Qf7 25. Qh4 Nd5 26. Kf2 b4 27. Bh5 Qc7 28. Rfc1 bxc3 29. bxc3 Bc6 30. Nf1 Rfb8 31. Kg1 Rb2 32. Qe1 Rab8 33. g4 Nxf4 34. exf4 e3 35. Nd2 Qxf4 36. Rcb1 Rxd2 37. Rxb8+ Qxb8 38. Qxe3 Qh2+ 39. Kf1 Qh1+ 0-1

[Event "SVK-chT3A2 1314"]
[Site "Slovakia"]
[Date "2014.02.02"]
[Round "8.5"]
[White "Majtan, Martin"]
[Black "Holiencin, Filip"]
[Result "0-1"]
[WhiteElo "1863"]
[BlackElo "1828"]
[PlyCount "66"]
[EventDate "2013.10.13"]
[EventType "team-tourn"]
[EventRounds "11"]
[EventCountry "SVK"]
[SourceTitle "EXT 2015"]
[Source "ChessBase"]
[SourceDate "2014.11.20"]
[SourceVersion "1"]
[SourceVersionDate "2014.11.20"]
[SourceQuality "1"]
[WhiteTeam "Hlohovec"]
[BlackTeam "Holic"]
[WhiteTeamCountry "SVK"]
[BlackTeamCountry "SVK"]

1. e4 c5 2. Nc3 d6 3. g3 Nf6 4. Bg2 Nc6 5. d3 Bg4 6. f3 Bd7 7. Be3 e5 8. Bg5 Be7 9. Nge2 a6 10. Bxf6 Bxf6 11. Nd5 Be6 12. 0-0 b5 13. c3 Rb8 14. b4 cxb4 15. cxb4 Bxd5 16. exd5 Nxb4 17. Qb3 a5 18. Rac1 0-0 19. a3 Na6 20. Rc6 Nc5 21. Qc2 b4 22. axb4 Rxb4 23. Nc3 Qd7 24. Ne4 Be7 25. Ra1 Ra8 26. Nxc5 dxc5 27. f4 Bd6 28. fxe5 Bxe5 29. Re1 Bd4+ 30. Kh1 Rb2 31. Qa4 Rab8 32. Qxa5 Rxg2 33. Qc7 Rxh2+ 0-1

[Event "SVK-chT5 SE-SI 1314"]
[Site "Slovakia"]
[Date "2014.02.01"]
[Round "7.1"]
[White "Planka, Peter"]
[Black "Holiencin, Filip"]
[Result "0-1"]
[WhiteElo "1770"]
[BlackElo "1828"]
[PlyCount "32"]
[EventDate "2013.10.19"]
[EventType "team-tourn"]
[EventRounds "11"]
[EventCountry "SVK"]
[SourceTitle "EXT 2022"]
[Source "ChessBase"]
[SourceDate "2021.10.06"]
[SourceVersion "1"]
[SourceVersionDate "2021.10.06"]
[SourceQuality "1"]
[WhiteTeam "Skalica IV"]
[BlackTeam "Holic II"]
[WhiteTeamCountry "SVK"]
[BlackTeamCountry "SVK"]

1. e4 c5 2. Nf3 d6 3. d4 cxd4 4. Nxd4 Nf6 5. Nc3 a6 6. Bg5 e6 7. f4 Be7 8. Qf3 Nbd7 9. 0-0-0 Qc7 10. g4 b5 11. Bg2 Bb7 12. Qe2 b4 13. Na4 Rc8 14. Rd2 Qa5 15. b3 Nc5 16. Kb1 Nfxe4 0-1

[Event "SVK-chT5 SE-SI 1213"]
[Site "Slovakia"]
[Date "2013.03.23"]
[Round "14.1"]
[White "Holiencin, Filip"]
[Black "Jarabek, Milan"]
[Result "1/2-1/2"]
[WhiteElo "1680"]
[BlackElo "1663"]
[PlyCount "107"]
[EventDate "2012.10.06"]
[EventType "team-tourn"]
[EventRounds "14"]
[EventCountry "SVK"]
[SourceTitle "EXT 2022"]
[Source "ChessBase"]
[SourceDate "2021.10.06"]
[SourceVersion "1"]
[SourceVersionDate "2021.10.06"]
[SourceQuality "1"]
[WhiteTeam "Holic II"]
[BlackTeam "Skalica V"]
[WhiteTeamCountry "SVK"]
[BlackTeamCountry "SVK"]

1. d4 Nf6 2. c4 g6 3. Nc3 d5 4. Nf3 Bg7 5. e3 0-0 6. cxd5 Nxd5 7. Bc4 Nxc3 8. bxc3 c5 9. 0-0 Qa5 10. Qb3 Bg4 11. Ng5 e6 12. f3 h6 13. Nxf7 Rxf7 14. fxg4 Rxf1+ 15. Kxf1 cxd4 16. Bxe6+ Kh7 17. cxd4 Qa6+ 18. Ke1 Nc6 19. Bc4 Qa5+ 20. Bd2 Qc7 21. g3 Re8 22. Kf1 Na5 23. Bxa5 Qxa5 24. Qd3 Qg5 25. Re1 Rf8+ 26. Kg2 Qxg4 27. Bd5 h5 28. h3 Qd7 29. Bb3 Qc6+ 30. d5 Qd6 31. Rf1 Be5 32. Rxf8 Qxf8 33. Qb5 Qd6 34. Qxb7+ Kh6 35. Qc6 Bxg3 36. Qxd6 Bxd6 37. Kf3 Kg5 38. Bc2 Kf6 39. h4 g5 40. hxg5+ Kxg5 41. Ke4 h4 42. Kd4 h3 43. Be4 h2 44. Kc4 Kf6 45. Kb5 Ke5 46. Bh1 Ba3 47. Kc4 Bd6 48. Kb5 Ba3 49. Kc6 Bd6 50. a4 Ba3 51. Kb7 Bc5 52. Kc6 Ba3 53. Kb5 Bf8 54. Ka6 1/2-1/2

[Event "SVK-chT3A2 0607"]
[Site "Slovakia"]
[Date "2007.02.11"]
[Round "8"]
[White "Liptak, Dusan"]
[Black "Holiencin, Filip"]
[Result "1/2-1/2"]
[WhiteElo "1708"]
[BlackElo "1635"]
[PlyCount "67"]
[EventDate "2006.10.08"]
[EventType "team-tourn"]
[EventRounds "11"]
[EventCountry "SVK"]
[SourceTitle "EXT 2008"]
[Source "ChessBase"]
[SourceDate "2007.11.25"]
[SourceVersion "1"]
[SourceVersionDate "2007.11.25"]
[SourceQuality "1"]
[WhiteTeam "Cifer"]
[BlackTeam "Holic"]
[WhiteTeamCountry "SVK"]
[BlackTeamCountry "SVK"]

1. d4 Nf6 2. c4 e6 3. Nc3 Bb4 4. Qc2 d5 5. e3 c5 6. Nf3 Nc6 7. Bd2 cxd4 8. exd4 dxc4 9. Bxc4 a6 10. Ne2 Bxd2+ 11. Qxd2 b5 12. Bd3 Bb7 13. 0-0 0-0 14. Rac1 Qd6 15. Rfd1 Rfd8 16. Bb1 h6 17. Ng3 Ne7 18. Ne5 Nd7 19. Qe2 Nxe5 20. dxe5 Qb6 21. Ne4 Bxe4 22. Bxe4 Rab8 23. g3 Nd5 24. a3 a5 25. Rc2 b4 26. Rcd2 bxa3 27. bxa3 Nc3 28. Rxd8+ Rxd8 29. Rxd8+ Qxd8 30. Qd3 Qxd3 31. Bxd3 Nd5 32. Kf1 Kf8 33. Ke2 f6 34. exf6 1/2-1/2

[Event "SVK-chT2A 0506"]
[Site "Slovakia"]
[Date "2005.12.17"]
[Round "5.8"]
[White "Holiencin, Filip"]
[Black "Skapik, Branislav"]
[Result "0-1"]
[WhiteElo "1625"]
[BlackElo "1797"]
[PlyCount "102"]
[EventDate "2005.10.22"]
[EventType "team-tourn"]
[EventRounds "11"]
[EventCountry "SVK"]
[SourceTitle "EXT 2009"]
[Source "ChessBase"]
[SourceDate "2008.11.26"]
[SourceVersion "1"]
[SourceVersionDate "2008.11.26"]
[SourceQuality "1"]

1. c4 c5 2. Nc3 Nf6 3. g3 Nc6 4. Bg2 g6 5. e4 Bg7 6. Nge2 d6 7. d3 a6 8. a3 Rb8 9. 0-0 0-0 10. Rb1 b5 11. cxb5 axb5 12. Nd5 Nxd5 13. exd5 Nd4 14. Nxd4 Bxd4 15. b4 Bf5 16. g4 Bd7 17. h3 Qb6 18. Qd2 f5 19. g5 f4 20. Qe2 Rf7 21. Kh2 Rbf8 22. Bf3 c4 23. Bb2 Bf5 24. dxc4 Bxb1 25. c5 dxc5 26. Bxd4 cxd4 27. Rxb1 Rc8 28. Bg4 f3 29. Qd2 Qc7+ 30. Kg1 Qc2 31. Qxc2 Rxc2 32. Be6 d3 33. Bxf7+ Kxf7 34. Rd1 e5 35. Rxd3 Ke7 36. d6+ Kd7 37. Rd5 e4 38. Rxb5 Kxd6 39. Rb7 Ke5 40. Rxh7 Kf4 41. Rf7+ Kxg5 42. a4 Rc1+ 43. Kh2 Rf1 44. Kg3 Rg1+ 45. Kh2 Rg2+ 46. Kh1 Rxf2 47. Kg1 e3 48. Re7 Rg2+ 49. Kf1 e2+ 50. Ke1 Rg1+ 51. Kd2 Rd1+ 0-1

[Event "SVK-Cup13 G7 corr"]
[Site "Slovakia"]
[Date "2002.02.07"]
[Round "?"]
[White "Holiencin, Filip"]
[Black "Kuchyna, Stanislav"]
[Result "0-1"]
[WhiteElo "1600"]
[BlackElo "2214"]
[PlyCount "42"]
[EventDate "2002.02.01"]
[EventType "tourn (corr)"]
[EventRounds "12"]
[EventCountry "SVK"]
[SourceTitle "Corr 2006"]
[Source "ChessBase"]
[SourceDate "2006.04.01"]
[SourceVersion "3"]
[SourceVersionDate "2006.04.01"]
[SourceQuality "1"]

1. e4 e6 2. d4 d5 3. Nc3 Bb4 4. Nge2 dxe4 5. a3 Be7 6. Nxe4 Nf6 7. Qd3 Nbd7 8. Bf4 Nxe4 9. Qxe4 Nf6 10. Qf3 0-0 11. Be5 c6 12. Nc3 Nd5 13. Be2 Qa5 14. 0-0 Nxc3 15. bxc3 f6 16. Bg3 Qd5 17. Rfe1 Bd8 18. Qd3 Bb6 19. Bf3 Qg5 20. a4 Ba5 21. Re3 Rd8 0-1

[Event "SVK-Cup13 G7 corr"]
[Site "Slovakia"]
[Date "2002.??.??"]
[Round "?"]
[White "Kuchyna, Stanislav"]
[Black "Holiencin, Filip"]
[Result "1-0"]
[WhiteElo "2214"]
[BlackElo "1600"]
[PlyCount "43"]
[EventDate "2002.02.01"]
[EventType "tourn (corr)"]
[EventRounds "12"]
[EventCountry "SVK"]
[SourceTitle "Corr 2006"]
[Source "ChessBase"]
[SourceDate "2006.04.01"]
[SourceVersion "3"]
[SourceVersionDate "2006.04.01"]
[SourceQuality "1"]

1. e4 e5 2. Nf3 Nc6 3. Bb5 a6 4. Bxc6 dxc6 5. 0-0 Bg4 6. h3 Bh5 7. d3 Qf6 8. Be3 Bxf3 9. Qxf3 Qxf3 10. gxf3 Bd6 11. Nd2 f5 12. Nc4 f4 13. Bd2 Ne7 14. Bc3 b5 15. Na5 Ng6 16. Nxc6 Kd7 17. Na5 Nh4 18. a3 c5 19. Nb3 a5 20. a4 b4 21. Be1 Nxf3+ 22. Kg2 1-0